[Event "TURNIEJ O PUCHAR UKS PALAC MLODZIEZY KATOWICE Z OKAZJI DNIA NIEPODLEGLOSCI"]
[Site "Centrum Kongresow i Rekreacji Orle Gniazdo ul. Wrzosowa 28a, Szczyrk"]
[Date "1899-12-30"]
[Round "3.28"]
[White "Jurkiewicz, Zuzanna"]
[Black "Kubiak, Aleksandra"]
[Result "1-0"]
[WhiteTitle "I+"]
[BlackTitle "II"]
[WhiteElo "1551"]
[BlackElo "1252"]

1. e4 a6 2. d4 b5 3. c3 Bb7 4. Bd3 Nf6 5. Nd2 e6 6. Ngf3 c5 7. b3 cxd4 8. cxd4
Nc6 9. O-O Qb6 10. Bb2 Be7 11. Rc1 Rc8 12. Bc2 O-O 13. a3 Kh8 14. Re1 Rfd8 15.
Nf1 Qa5 16. b4 Qb6 17. Ng3 Ne8 18. d5 Na7 19. Qe2 Nd6 20. Bb3 Rc7 21. Rxc7 Qxc7
22. Rc1 Qb8 23. Ne5 Kg8 24. Qf3 Bf6 25. Nh5 Bg5 26. Qg4 Bh6 27. Rd1 f5 28. exf5
exf5 29. Qf3 Nac8 30. h3 Ne7 31. Nd3 Qa8 32. Nc5 Ng6 33. Nxb7 Qxb7 34. Ng3 Ne7
35. Re1 Ng6 36. Nxf5 Nxf5 37. Qxf5 Rf8 38. Qe4 Qb6 39. Re2 Bg5 40. d6+ Bh6 1-0

[Event "TURNIEJ O PUCHAR UKS PALAC MLODZIEZY KATOWICE Z OKAZJI DNIA NIEPODLEGLOSCI"]
[Site "Centrum Kongresow i Rekreacji Orle Gniazdo ul. Wrzosowa 28a, Szczyrk"]
[Date "1899-12-30"]
[Round "3.29"]
[White "Kietrys, Maciej"]
[Black "Wolak, Kamil"]
[Result "1-0"]
[WhiteTitle "II"]
[BlackTitle "II"]
[WhiteElo "1285"]
[BlackElo "1520"]

1. e4 c5 2. Nc3 Nc6 3. g3 Nf6 4. Bg2 d6 5. d3 Bd7 6. Nge2 e5 7. Be3 Be7 8. Qd2
Qc8 9. f4 Bh3 10. Bf3 Ng4 11. O-O-O Nxe3 12. Qxe3 Be6 13. f5 Bd7 14. Nd5 Nd4 15.
Nxd4 cxd4 16. Qd2 Bc6 17. Nxe7 Kxe7 18. g4 f6 19. g5 Qc7 20. gxf6+ gxf6 21. Rhg1
Rag8 22. Qh6 Qd8 23. Rg7+ Ke8 24. Rxh7 Rxh7 25. Qxh7 Rf8 26. Bh5+ Rf7 27. Qxf7#
1-0

[Event "TURNIEJ O PUCHAR UKS PALAC MLODZIEZY KATOWICE Z OKAZJI DNIA NIEPODLEGLOSCI"]
[Site "Centrum Kongresow i Rekreacji Orle Gniazdo ul. Wrzosowa 28a, Szczyrk"]
[Date "1899-12-30"]
[Round "4.1"]
[White "Poplawski, Maciej"]
[Black "Warakomski, Tomasz"]
[Result "0-1"]
[WhiteTitle "I"]
[BlackTitle "IM"]
[WhiteElo "1839"]
[BlackElo "2485"]

1. d4 d5 2. Nc3 Bf5 3. Bg5 c6 4. f3 h6 5. Bh4 Qb6 6. Rb1 e5 7. Bf2 exd4 8. Bxd4
Bc5 9. Bxc5 Qxc5 10. e4 dxe4 11. fxe4 Bg6 12. Bd3 Nd7 13. Nf3 Ngf6 14. Qe2 Ng4
15. Nd2 Nge5 16. Nb3 Qb6 17. Na4 Qb4+ 18. Nc3 O-O 19. O-O a5 20. Kh1 a4 21. Nd2
a3 22. Nd1 Nc5 23. Nb3 Nexd3 0-1

[Event "TURNIEJ O PUCHAR UKS PALAC MLODZIEZY KATOWICE Z OKAZJI DNIA NIEPODLEGLOSCI"]
[Site "Centrum Kongresow i Rekreacji Orle Gniazdo ul. Wrzosowa 28a, Szczyrk"]
[Date "1899-12-30"]
[Round "4.2"]
[White "Tylenda, Krzysztof"]
[Black "Goluch, Piotr"]
[Result "0-1"]
[WhiteTitle "I"]
[BlackTitle "FM"]
[WhiteElo "1688"]
[BlackElo "2264"]

1. e4 e5 2. f4 exf4 3. Nf3 Bc5 4. d4 Bb6 5. Bxf4 d6 6. c3 Nf6 7. Bd3 Bg4 8. h3
Bh5 9. Bg5 Qd7 10. Bxf6 gxf6 11. Be2 Nc6 0-1

[Event "TURNIEJ O PUCHAR UKS PALAC MLODZIEZY KATOWICE Z OKAZJI DNIA NIEPODLEGLOSCI"]
[Site "Centrum Kongresow i Rekreacji Orle Gniazdo ul. Wrzosowa 28a, Szczyrk"]
[Date "1899-12-30"]
[Round "4.3"]
[White "Markiewicz, Jerzy"]
[Black "Banasik, Henryk"]
[Result "1/2-1/2"]
[WhiteTitle "FM"]
[BlackTitle "k"]
[WhiteElo "2175"]
[BlackElo "1805"]

1. e4 e5 2. Nf3 Nc6 3. Bc4 Bc5 4. c3 Nf6 5. d4 exd4 6. cxd4 Bb4+ 7. Bd2 Bxd2+ 8.
Nbxd2 d5 9. exd5 Nxd5 10. Qb3 Nce7 11. O-O O-O 12. Rfe1 Nb6 13. Bd3 Ned5 14. Nc4
Be6 15. Nxb6 Nxb6 16. Qc2 c6 17. Bf5 Bxf5 18. Qxf5 1/2-1/2

[Event "TURNIEJ O PUCHAR UKS PALAC MLODZIEZY KATOWICE Z OKAZJI DNIA NIEPODLEGLOSCI"]
[Site "Centrum Kongresow i Rekreacji Orle Gniazdo ul. Wrzosowa 28a, Szczyrk"]
[Date "1899-12-30"]
[Round "4.4"]
[White "Zylinski, Piotr"]
[Black "Urbanski, Grzegorz"]
[Result "1/2-1/2"]
[WhiteTitle "I"]
[BlackTitle "k"]
[WhiteElo "1618"]
[BlackElo "2164"]

1. d4 d5 2. c3 Nf6 3. e3 e6 4. Bd3 c5 5. f4 c4 6. Bc2 Nc6 7. Nf3 b5 8. O-O b4 9.
Ne5 Qc7 10. Bd2 a5 11. Be1 Be7 12. Qf3 Ba6 13. a3 b3 14. Bd1 a4 15. Qh3 Ne4 16.
Nd2 Nxd2 17. Bxd2 O-O-O 18. Nxf7 1/2-1/2

[Event "TURNIEJ O PUCHAR UKS PALAC MLODZIEZY KATOWICE Z OKAZJI DNIA NIEPODLEGLOSCI"]
[Site "Centrum Kongresow i Rekreacji Orle Gniazdo ul. Wrzosowa 28a, Szczyrk"]
[Date "1899-12-30"]
[Round "4.5"]
[White "Turlej, Lukasz"]
[Black "Kaminski, Maciej"]
[Result "0-1"]
[WhiteTitle "k"]
[BlackTitle "I"]
[WhiteElo "2090"]
[BlackElo "1769"]

1. d4 e6 2. c4 d5 3. Nf3 Nf6 4. e3 Be7 5. Nc3 b6 6. Bd3 Bb7 7. O-O Nbd7 8. a3 O-O
9. b4 Rc8 10. c5 bxc5 11. bxc5 Bc6 12. Rb1 Rb8 13. Bd2 Rxb1 14. Qxb1 Qb8 15. Bb5
Bxb5 16. Qxb5 Rc8 17. Rb1 c6 18. Qa5 Qa8 0-1

[Event "TURNIEJ O PUCHAR UKS PALAC MLODZIEZY KATOWICE Z OKAZJI DNIA NIEPODLEGLOSCI"]
[Site "Centrum Kongresow i Rekreacji Orle Gniazdo ul. Wrzosowa 28a, Szczyrk"]
[Date "1899-12-30"]
[Round "4.7"]
[White "Rozycki, Bartlomiej"]
[Black "Namyslak, Piotr"]
[Result "1-0"]
[WhiteTitle "k++"]
[BlackTitle "I"]
[WhiteElo "2061"]
[BlackElo "1696"]

1. Nf3 Nf6 2. c4 Nc6 3. d4 d6 4. g3 g6 5. Bg2 Bg7 6. Nc3 O-O 7. O-O e5 8. d5 Ne7
9. e4 Ne8 10. Bg5 f6 11. Be3 f5 12. Qd2 Nf6 13. Bh6 fxe4 14. Nh4 Bxh6 15. Qxh6
Ng4 16. Qg5 Kg7 17. Nxe4 h6 18. Qd2 Nf5 19. Nxf5+ gxf5 20. Nc3 f4 21. h3 f3 22.
hxg4 fxg2 23. Kxg2 Bxg4 24. f3 Bd7 25. Rh1 Qg5 26. Qxg5+ hxg5 27. g4 Rh8 28. Ne4
Kg6 29. b3 Raf8 30. Rxh8 Rxh8 31. Rc1 b6 32. b4 Rb8 33. Kf2 Rh8 34. Kg2 Rb8 35.
Rb1 a6 36. Rh1 b5 37. c5 Rg8 38. Rh5 Kf7 39. Nxg5+ Kf6 40. Ne4+ Kf7 41. Rh7+ Rg7
42. Rxg7+ Kxg7 43. cxd6 c6 44. dxc6 Bxc6 45. Nc5 a5 46. bxa5 Kf7 47. a6 Ke8 48.
g5 Kd8 49. g6 Ke8 50. a7 b4 51. g7 Kf7 52. d7 Bxd7 53. Nxd7 Kxg7 54. a8=Q Kf7
55. Nxe5+ Ke6 56. Qe4 Kd6 57. Nc4+ Kc5 58. Kf2 Kb5 59. Ke2 Kc5 60. Kd3 Kb5 61.
Qb7+ Kc5 62. Qb6+ Kd5 63. Qd6# 1-0

[Event "TURNIEJ O PUCHAR UKS PALAC MLODZIEZY KATOWICE Z OKAZJI DNIA NIEPODLEGLOSCI"]
[Site "Centrum Kongresow i Rekreacji Orle Gniazdo ul. Wrzosowa 28a, Szczyrk"]
[Date "1899-12-30"]
[Round "4.9"]
[White "Marczak, Szymon"]
[Black "Rudecki, Bartosz"]
[Result "1-0"]
[WhiteTitle "I"]
[BlackTitle "II+"]
[WhiteElo "1578"]
[BlackElo "1738"]

1. e4 e5 2. d4 exd4 3. Nf3 Nc6 4. c3 d3 5. Bxd3 d6 6. O-O Be7 7. h3 Nf6 8. Re1
O-O 9. Nbd2 a6 10. a4 Re8 11. Nf1 Bf8 12. Ng3 Nd7 13. Bf4 Nde5 14. Bxe5 Nxe5 15.
Nxe5 Rxe5 16. f4 Re8 17. Qc2 Qh4 18. Qf2 Bd7 19. Ne2 Qxf2+ 20. Kxf2 g6 21. Nd4
Bg7 22. Ra3 h5 23. Nf3 b5 24. axb5 axb5 25. Rea1 Rxa3 26. Rxa3 Bc6 27. Nd2 b4
28. cxb4 Bxb2 29. Rb3 Bc1 30. Rc3 Bxd2 31. Rxc6 Bxb4 32. Rxc7 Kf8 33. Bc4 Re7
34. Rc8+ Kg7 35. Kf3 Bc5 36. g4 hxg4+ 37. hxg4 Ba7 38. Rc6 Bb8 39. Bd5 Rc7 40.
Rb6 Rc3+ 41. Ke2 Ba7 42. Rb7 Re3+ 43. Kd2 Ra3 44. Rxf7+ Kh6 45. e5 dxe5 46. fxe5
Kg5 47. e6 Bc5 48. Rc7 Bb4+ 49. Ke2 Bd6 50. Rc6 Be7 51. Rc7 Bd6 52. Rd7 Bc5 53.
Rc7 Bd6 54. Rc6 Be7 55. Bf3 Kf6 56. Bd5 Ke5 57. Bc4 g5 58. Rb6 Bc5 59. Rb5 Kd4
60. Bb3 Ra7 61. Rb8 Ra3 62. Rd8+ Ke4 63. Bc2+ Kf4 64. Rd7 Ra2 65. Kd3 Ra3+ 66.
Kc4 Bf8 67. e7 Bxe7 68. Rxe7 Kxg4 69. Re4+ Kf3 70. Re8 g4 71. Rf8+ Kg2 1-0

[Event "TURNIEJ O PUCHAR UKS PALAC MLODZIEZY KATOWICE Z OKAZJI DNIA NIEPODLEGLOSCI"]
[Site "Centrum Kongresow i Rekreacji Orle Gniazdo ul. Wrzosowa 28a, Szczyrk"]
[Date "1899-12-30"]
[Round "4.10"]
[White "Kowalczyk, Rafal"]
[Black "Kawalko, Adam"]
[Result "1-0"]
[WhiteTitle "k+"]
[BlackTitle "II+"]
[WhiteElo "2271"]
[BlackElo "1703"]

1. e4 c5 2. c3 e6 3. d4 d5 4. e5 cxd4 5. cxd4 Nc6 6. Nf3 f6 7. Bd3 f5 8. a3 Be7
9. h4 Bd7 10. b4 a6 11. Be3 Qb6 12. O-O Nh6 13. Nc3 Nf7 14. Rc1 O-O 15. h5 h6
16. Ne2 Qd8 17. Nf4 Ng5 18. Ng6 Nxf3+ 19. Qxf3 Re8 20. g4 Bg5 21. gxf5 Bxe3 22.
fxe3 Qg5+ 23. Kf2 exf5 24. Rg1 Qd8 25. Bxf5 Bxf5 26. Qxf5 Qc8 27. Qf3 Qe6 28.
Nf4 Qf5 29. Qxd5+ Kh8 30. Qf3 Kh7 31. Ng6 Qd3 32. Qe2 Qf5+ 33. Ke1 Rac8 34. Nh4
Qe4 35. Qc2 Qxc2 36. Rxc2 Rcd8 37. Nf5 Rd5 38. Rxg7+ Kh8 39. Rg6 Kh7 40. Rcg2
Re6 41. Rg7+ Kh8 42. Rg8+ Kh7 43. R2g7# 1-0

[Event "TURNIEJ O PUCHAR UKS PALAC MLODZIEZY KATOWICE Z OKAZJI DNIA NIEPODLEGLOSCI"]
[Site "Centrum Kongresow i Rekreacji Orle Gniazdo ul. Wrzosowa 28a, Szczyrk"]
[Date "1899-12-30"]
[Round "4.11"]
[White "Mroziak, Maciej"]
[Black "Olsztynski, Andrzej"]
[Result "1-0"]
[WhiteTitle "m"]
[BlackTitle "II"]
[WhiteElo "2207"]
[BlackElo "1420"]

1. e4 c5 2. c3 Nc6 3. d4 cxd4 4. cxd4 d6 5. h3 g6 6. Nf3 Bg7 7. Nc3 Nf6 8. Be3
Bd7 9. Rc1 Rc8 10. Bd3 O-O 11. O-O a6 12. Qd2 b5 13. Bh6 Qb6 14. Bxg7 Kxg7 15.
e5 dxe5 16. dxe5 Ne8 17. Bxb5 axb5 18. Qxd7 Rd8 19. Qg4 Kg8 20. Rfd1 Ng7 21. Nd5
Rxd5 22. Rxd5 Nf5 23. Rdc5 Nb4 24. Qxb4 1-0

[Event "TURNIEJ O PUCHAR UKS PALAC MLODZIEZY KATOWICE Z OKAZJI DNIA NIEPODLEGLOSCI"]
[Site "Centrum Kongresow i Rekreacji Orle Gniazdo ul. Wrzosowa 28a, Szczyrk"]
[Date "1899-12-30"]
[Round "4.12"]
[White "Ciesielski, Jan"]
[Black "Szymczak, Zbigniew"]
[Result "0-1"]
[WhiteTitle "II+"]
[BlackTitle "IM"]
[WhiteElo "1410"]
[BlackElo "2190"]

1. e4 c5 2. Nf3 e6 3. d4 cxd4 4. Nxd4 a6 5. Nc3 b5 6. h3 Bb7 7. a3 d6 8. Bd3 Nf6
9. O-O Be7 10. Re1 Nbd7 11. Bg5 O-O 12. Qd2 Rc8 13. Rad1 Ne5 14. f4 Nc4 15. Bxc4
Rxc4 16. e5 dxe5 17. fxe5 Nd5 18. Bxe7 Qxe7 19. Nxd5 Bxd5 20. b3 Rc7 21. Ne2 Qxa3
22. Nf4 Bb7 23. Ra1 Qc5+ 24. Kh1 Qxc2 25. Qd6 Qc5 26. Rac1 Qxd6 27. exd6 Rd7 28.
Rc7 Rfd8 29. Rec1 Kf8 30. Rxd7 Rxd7 31. Rc7 Ke8 0-1

[Event "TURNIEJ O PUCHAR UKS PALAC MLODZIEZY KATOWICE Z OKAZJI DNIA NIEPODLEGLOSCI"]
[Site "Centrum Kongresow i Rekreacji Orle Gniazdo ul. Wrzosowa 28a, Szczyrk"]
[Date "1899-12-30"]
[Round "4.13"]
[White "Chodorowski, Adrian"]
[Black "Wacior, Maciej"]
[Result "0-1"]
[WhiteTitle "II"]
[BlackTitle "I++"]
[WhiteElo "1392"]
[BlackElo "1960"]

1. c4 Nf6 2. Nc3 g6 3. g3 Bg7 4. Bg2 c6 5. Nf3 O-O 6. b3 d5 7. cxd5 cxd5 8. Bb2
Bf5 9. O-O Nc6 10. Nh4 Be6 11. Nf3 a6 12. a4 d4 13. Na2 d3 14. e3 Qb6 15. Nd4
Nxd4 16. Bxd4 Qxb3 17. Qxb3 Bxb3 18. Nc1 Bd5 19. Nxd3 Bc4 20. Ra3 Rab8 21. Rc1
b5 22. axb5 axb5 23. Ne5 b4 24. Nxc4 bxa3 25. Nxa3 Rb3 26. Nc4 Rfb8 27. Bxf6 Bxf6
28. Be4 Rc8 29. Rc2 Rb4 30. d3 Bg7 31. Bg2 Rb3 32. d4 Rb4 33. Na3 Rxc2 34. Nxc2
Rb1+ 35. Bf1 e5 36. Kg2 exd4 37. Nxd4 Bxd4 38. exd4 Rd1 39. Be2 Rxd4 40. Bf3 Kg7
41. Be2 h5 42. h4 Rd2 43. Bf3 Kf6 44. Bc6 Kf5 45. Kf3 Rd3+ 46. Ke2 Ra3 47. Bd5
f6 48. Bc4 g5 49. hxg5 fxg5 50. Bd3+ Kg4 51. Bc4 Kh3 52. Be6+ Kh2 53. f4 Rxg3
54. f5 Ra3 55. f6 Ra6 56. f7 Rxe6+ 0-1

[Event "TURNIEJ O PUCHAR UKS PALAC MLODZIEZY KATOWICE Z OKAZJI DNIA NIEPODLEGLOSCI"]
[Site "Centrum Kongresow i Rekreacji Orle Gniazdo ul. Wrzosowa 28a, Szczyrk"]
[Date "1899-12-30"]
[Round "4.15"]
[White "Lendzion, Kamil"]
[Black "Kmiecik, Wojciech"]
[Result "1-0"]
[WhiteTitle "II"]
[BlackTitle "I+"]
[WhiteElo "1388"]
[BlackElo "1953"]

1. e4 e6 2. d4 d5 3. Nd2 Nf6 4. e5 Nfd7 5. Ngf3 c5 6. c3 Nc6 7. Bd3 cxd4 8. cxd4
Qb6 9. Nb3 h6 10. Be3 Bb4+ 11. Bd2 a5 12. Rc1 a4 13. Na1 Nxd4 14. Nc2 Nxf3+ 15.
gxf3 Bxd2+ 16. Qxd2 Nxe5 17. Be2 Bd7 18. O-O Rc8 19. Ne3 O-O 20. Kh1 Bc6 21. Rg1
Ng6 22. Rg3 e5 23. Rcg1 d4 24. Ng4 d3 25. Nxh6+ gxh6 26. Qxh6 Bxf3+ 27. Bxf3 Rc6
28. Bxc6 Qxc6+ 29. f3 d2 30. Rh3 f5 31. Qh7# 1-0

[Event "TURNIEJ O PUCHAR UKS PALAC MLODZIEZY KATOWICE Z OKAZJI DNIA NIEPODLEGLOSCI"]
[Site "Centrum Kongresow i Rekreacji Orle Gniazdo ul. Wrzosowa 28a, Szczyrk"]
[Date "1899-12-30"]
[Round "4.16"]
[White "Wangrat, Jan"]
[Black "Filewicz, Radoslaw"]
[Result "0-1"]
[WhiteTitle "II"]
[BlackTitle "I"]
[WhiteElo "1373"]
[BlackElo "1879"]

1. e4 c5 2. Nf3 e6 3. d4 cxd4 4. Nxd4 Nf6 5. Nc3 d6 6. Bd3 a6 7. O-O b5 8. a3 Bb7
9. Bg5 Be7 10. Nb3 Nbd7 11. f4 O-O 12. Rf3 h6 13. Bh4 Nc5 14. Nxc5 dxc5 15. Bxf6
Bxf6 16. Rg3 c4 17. Be2 Qxd1+ 18. Rxd1 Bxc3 19. bxc3 Bxe4 20. Rd2 Rfd8 21. Rxd8+
Rxd8 22. Bf3 Bxc2 23. Bb7 Rd6 24. Re3 Kf8 25. Kf2 Ke7 26. Rg3 Bg6 27. Ke2 Kd7
28. Re3 Kc7 29. Bf3 Kb6 30. Ke1 Rd3 31. Re2 Rxc3 32. Ra2 Rd3 33. Ke2 c3 34. Ke1
c2 35. Rxc2 Rxf3 36. Rc8 Re3+ 37. Kf2 Re4 38. g3 Rc4 39. Rd8 Rc7 40. Rd6+ Ka5
41. Rd2 Ka4 42. Ke3 Kxa3 43. Kf3 b4 44. Kg2 Rc2 45. Rxc2 Bxc2 46. Kh3 b3 47. g4
b2 48. Kh4 b1=Q 49. g5 Qe1+ 50. Kh5 Bg6+ 51. Kg4 Qe2+ 52. Kg3 h5 53. h4 Be4 54.
f5 Qf3+ 55. Kh2 Qg2# 0-1

[Event "TURNIEJ O PUCHAR UKS PALAC MLODZIEZY KATOWICE Z OKAZJI DNIA NIEPODLEGLOSCI"]
[Site "Centrum Kongresow i Rekreacji Orle Gniazdo ul. Wrzosowa 28a, Szczyrk"]
[Date "1899-12-30"]
[Round "4.17"]
[White "Polczyk, Mikolaj"]
[Black "Szych, Adam"]
[Result "1-0"]
[WhiteTitle "I"]
[BlackTitle "II"]
[WhiteElo "1772"]
[BlackElo "1376"]

1. e4 e5 2. Nf3 Nc6 3. Bc4 Bc5 4. O-O Nf6 5. d4 exd4 6. e5 d5 7. exf6 dxc4 8. fxg7
Rg8 9. Re1+ Be6 10. Bg5 Qd7 11. Nbd2 Rxg7 12. Nxc4 Be7 13. Bxe7 Nxe7 14. Nce5
Qd6 15. Qxd4 Qxd4 16. Nxd4 O-O-O 17. Nxe6 fxe6 18. Nd3 Rdg8 19. g3 Kd7 20. Nc5+
1-0

[Event "TURNIEJ O PUCHAR UKS PALAC MLODZIEZY KATOWICE Z OKAZJI DNIA NIEPODLEGLOSCI"]
[Site "Centrum Kongresow i Rekreacji Orle Gniazdo ul. Wrzosowa 28a, Szczyrk"]
[Date "1899-12-30"]
[Round "4.18"]
[White "Rak, Maciej"]
[Black "Przepiora, Anna"]
[Result "1-0"]
[WhiteTitle "II+"]
[BlackTitle "II+"]
[WhiteElo "1748"]
[BlackElo "1354"]

1. e4 c5 2. d4 cxd4 3. c3 Nf6 4. e5 Nd5 5. cxd4 d6 6. exd6 Qxd6 7. Bc4 Nb6 8. Bd3
Nc6 9. Be3 e6 10. Nf3 Be7 11. O-O O-O 12. Nc3 Nd5 13. a3 a6 14. Qc2 g6 15. Rad1
Nf4 16. Ne4 Qc7 17. Qd2 Nxd3 18. Qxd3 Rd8 19. Qe2 b6 20. Rc1 Bb7 21. Rfd1 Qd7
22. h4 Rac8 23. Bg5 Bxg5 24. hxg5 Qe7 25. Nf6+ Kg7 26. Ng4 Nb8 27. Qe5+ Kg8 28.
Nh6+ 1-0

[Event "TURNIEJ O PUCHAR UKS PALAC MLODZIEZY KATOWICE Z OKAZJI DNIA NIEPODLEGLOSCI"]
[Site "Centrum Kongresow i Rekreacji Orle Gniazdo ul. Wrzosowa 28a, Szczyrk"]
[Date "1899-12-30"]
[Round "4.19"]
[White "Miasik, Adrian"]
[Black "Piersiak, Krystian"]
[Result "1-0"]
[WhiteTitle "I"]
[BlackTitle "II"]
[WhiteElo "1732"]
[BlackElo "1348"]

1. d4 c5 2. d5 f5 3. c4 g6 4. Nc3 Bg7 5. Qc2 d6 6. b3 Nf6 7. Bb2 Qa5 8. e3 Ne4
9. Nge2 O-O 10. g3 Na6 11. a3 e5 12. dxe6 Bxe6 13. Bg2 Rab8 14. O-O Nxc3 15. Bxc3
Bxc3 16. Qxc3 Qxc3 17. Nxc3 Nc7 18. Rad1 Rfd8 19. a4 Kf7 20. Rd2 Ke7 21. Rfd1
a6 22. Ra1 h6 23. Kf1 Ne8 24. Re1 Rd7 25. e4 Kf7 26. exf5 gxf5 27. Rde2 Re7 28.
Nd5 Ng7 29. Nxe7 Kxe7 30. Bd5 1-0

[Event "TURNIEJ O PUCHAR UKS PALAC MLODZIEZY KATOWICE Z OKAZJI DNIA NIEPODLEGLOSCI"]
[Site "Centrum Kongresow i Rekreacji Orle Gniazdo ul. Wrzosowa 28a, Szczyrk"]
[Date "1899-12-30"]
[Round "4.20"]
[White "Wisniewski, Jacek"]
[Black "Luka, Agnieszka"]
[Result "1-0"]
[WhiteTitle "k"]
[BlackTitle "II"]
[WhiteElo "1702"]
[BlackElo "1344"]

1. e4 d6 2. d4 Nf6 3. Nc3 g6 4. Bc4 Bg7 5. Qe2 Nbd7 6. e5 dxe5 7. dxe5 Ng8 8. Bxf7+
Kxf7 9. e6+ Ke8 10. exd7+ Bxd7 11. Bd2 Nf6 12. O-O-O e6 13. Nf3 Rf8 14. Ng5 Ke7
15. Rhe1 Qc8 16. Nce4 Nxe4 17. Qxe4 Bf6 18. Nxh7 Rh8 19. Nxf6 Kxf6 20. Qe5+ Kf7
21. Bg5 Qf8 22. Rxd7+ Kg8 23. Qxe6+ Qf7 24. Qxf7# 1-0

[Event "TURNIEJ O PUCHAR UKS PALAC MLODZIEZY KATOWICE Z OKAZJI DNIA NIEPODLEGLOSCI"]
[Site "Centrum Kongresow i Rekreacji Orle Gniazdo ul. Wrzosowa 28a, Szczyrk"]
[Date "1899-12-30"]
[Round "4.21"]
[White "Mytych, Wiktoria"]
[Black "Dytman, Radoslaw"]
[Result "1-0"]
[WhiteTitle "I"]
[BlackTitle "I"]
[WhiteElo "1332"]
[BlackElo "1689"]

1. e4 e5 2. Nf3 Nc6 3. Nc3 Nf6 4. Bb5 d6 5. d4 exd4 6. Nxd4 Bd7 7. Bxc6 bxc6 8.
O-O Be7 9. Bf4 O-O 10. Re1 c5 11. Nf3 Rb8 12. Rb1 Bc6 13. h3 Re8 14. Nd2 Bf8 15.
e5 Nd5 16. Nxd5 Bxd5 17. c4 Bc6 18. Nb3 Ba4 19. exd6 cxd6 20. Rxe8 Bxe8 21. Qg4
Ba4 22. Qf3 Qf6 23. Nxc5 Rb4 24. Nxa4 Rxa4 25. Qb3 Ra5 26. Bd2 Rf5 27. f3 g6 28.
Bc3 Qe6 29. Re1 Qd7 30. Qc2 a6 31. b3 Qa7+ 32. Kh1 Bg7 33. Bxg7 Kxg7 34. Qb2+
f6 35. Qd2 Re5 36. Rxe5 dxe5 37. Qe2 Qd4 38. Kh2 Kf7 39. g3 Ke6 40. Kg2 Kd6 41.
Kf1 Kc5 42. Qf2 a5 43. Qxd4+ exd4 44. Ke2 f5 45. Kd3 g5 46. g4 fxg4 47. fxg4 h6
48. Ke4 a4 49. Kd3 axb3 50. axb3 Kb4 51. Kxd4 Kxb3 52. c5 1-0

[Event "TURNIEJ O PUCHAR UKS PALAC MLODZIEZY KATOWICE Z OKAZJI DNIA NIEPODLEGLOSCI"]
[Site "Centrum Kongresow i Rekreacji Orle Gniazdo ul. Wrzosowa 28a, Szczyrk"]
[Date "1899-12-30"]
[Round "4.22"]
[White "Lascar, Maria Elena"]
[Black "Dixa, Stanislaw"]
[Result "1-0"]
[WhiteTitle "I+"]
[BlackTitle "I"]
[WhiteElo "1340"]
[BlackElo "1667"]

1. e4 c5 2. Nf3 e6 3. d4 cxd4 4. Nxd4 a6 5. Nc3 Qc7 6. Be3 Nf6 7. Bd3 Bb4 8. Nde2
O-O 9. O-O Be7 10. h3 b5 11. a3 Bb7 12. f4 d6 13. g4 Nbd7 14. g5 Ne8 15. Ng3 Nc5
16. Qh5 Nxd3 17. cxd3 f6 18. h4 Rd8 19. f5 d5 20. Nge2 d4 21. Bf4 e5 22. g6 hxg6
23. fxg6 Rf7 24. Qh7+ Kf8 25. Qh8# Kg8 26. Qh6 Rf8 27. Qh5 1-0

[Event "TURNIEJ O PUCHAR UKS PALAC MLODZIEZY KATOWICE Z OKAZJI DNIA NIEPODLEGLOSCI"]
[Site "Centrum Kongresow i Rekreacji Orle Gniazdo ul. Wrzosowa 28a, Szczyrk"]
[Date "1899-12-30"]
[Round "4.23"]
[White "Trybowska, Barbara"]
[Black "Jaszczuk, Mateusz"]
[Result "1-0"]
[WhiteTitle "I"]
[BlackTitle "II"]
[WhiteElo "1665"]
[BlackElo "1328"]

1. e4 c5 2. Nf3 e6 3. d4 cxd4 4. Nxd4 Bc5 5. Nb3 Bb6 6. Nc3 Nc6 7. Bd3 Nge7 8.
O-O d5 9. exd5 Nxd5 10. Nxd5 exd5 11. Qe2+ Be6 12. Bf5 Qf6 13. Bd3 O-O 14. c3
h6 15. Qc2 Rac8 16. Qb1 d4 17. Bd2 Rfd8 18. Kh1 Ne5 19. Be4 Nc4 20. Be1 Rc7 21.
f4 Rcd7 22. f5 Bd5 23. Bxd5 Rxd5 24. cxd4 Bxd4 25. Nxd4 Rxd4 26. Bc3 Nd2 27. Qc2
Nxf1 28. Rxf1 Qc6 29. f6 gxf6 30. Qc1 Kh7 31. h3 R4d5 32. Qf4 R8d6 33. Qe4+ Re6
1-0

[Event "TURNIEJ O PUCHAR UKS PALAC MLODZIEZY KATOWICE Z OKAZJI DNIA NIEPODLEGLOSCI"]
[Site "Centrum Kongresow i Rekreacji Orle Gniazdo ul. Wrzosowa 28a, Szczyrk"]
[Date "1899-12-30"]
[Round "4.24"]
[White "Wojtas, Julia"]
[Black "Pluta, Natalia"]
[Result "0-1"]
[WhiteTitle "I"]
[BlackTitle "I"]
[WhiteElo "1306"]
[BlackElo "1652"]

1. e4 c5 2. Nf3 d6 3. d4 cxd4 4. Nxd4 Nf6 5. Nc3 g6 6. f4 Nc6 7. Be3 Bg7 8. Nxc6
bxc6 9. Bd3 Ng4 10. Bd2 Rb8 11. O-O Rxb2 12. f5 Ne5 13. fxg6 hxg6 14. Bf4 Nxd3
15. Qxd3 Qa5 16. Bd2 Qh5 17. Bf4 Be6 18. Na4 Rb4 19. Nc3 Bc4 20. Qe3 Bxf1 21.
Rxf1 O-O 22. Rf3 Bd4 23. Rh3 Qc5 24. Kh1 Bxe3 25. Bxe3 Qxc3 0-1

[Event "TURNIEJ O PUCHAR UKS PALAC MLODZIEZY KATOWICE Z OKAZJI DNIA NIEPODLEGLOSCI"]
[Site "Centrum Kongresow i Rekreacji Orle Gniazdo ul. Wrzosowa 28a, Szczyrk"]
[Date "1899-12-30"]
[Round "4.25"]
[White "Posluszny, Tomasz"]
[Black "Skrzypczynski, Kacper"]
[Result "1-0"]
[WhiteTitle "II"]
[BlackTitle "II"]
[WhiteElo "1627"]
[BlackElo "1340"]

1. d4 d5 2. c4 Nf6 3. cxd5 Nxd5 4. e4 Nb6 5. Nc3 e6 6. Nf3 Nc6 7. Be3 Bb4 8. a3
Bxc3+ 9. bxc3 Qe7 10. Be2 O-O 11. O-O f5 12. e5 Nd5 13. c4 Nxe3 14. fxe3 Bd7 15.
Qb1 b6 16. Qb2 a6 17. Rfd1 Rfe8 18. Qc2 g6 19. e4 fxe4 20. Qxe4 Na5 21. d5 exd5
22. cxd5 Bf5 23. Qf4 Qc5+ 24. Kh1 Rad8 25. Rac1 Qe7 26. g4 Bc8 27. Bc4 b5 28.
d6+ cxd6 1-0

[Event "TURNIEJ O PUCHAR UKS PALAC MLODZIEZY KATOWICE Z OKAZJI DNIA NIEPODLEGLOSCI"]
[Site "Centrum Kongresow i Rekreacji Orle Gniazdo ul. Wrzosowa 28a, Szczyrk"]
[Date "1899-12-30"]
[Round "4.26"]
[White "Sloniewski, Michal"]
[Black "Gredka, Dominika"]
[Result "0-1"]
[WhiteTitle "I"]
[BlackTitle "I++"]
[WhiteElo "1327"]
[BlackElo "1614"]

1. d4 e6 2. c4 b6 3. Nc3 Bb7 4. e4 Bb4 5. d5 f5 6. Bd3 Ne7 7. Bg5 O-O 8. Qc2 Bxc3+
9. Qxc3 h6 10. Bxe7 Qxe7 11. Ne2 fxe4 12. Bxe4 exd5 13. Bxd5+ Bxd5 14. cxd5 c5
15. Qc4 d6 16. O-O Nd7 17. Ng3 Ne5 18. Qc2 Rae8 19. Rae1 Qf7 20. Ne4 Qxd5 21.
Rd1 Qxa2 22. Nxd6 Rd8 23. Ne4 Rxd1 24. Rxd1 Qc4 25. Qb1 a5 26. b3 Qf7 27. Qc2
Nc6 28. Nd6 Qf6 29. Ne4 Qf5 30. Qc4+ Qf7 31. Qc2 Nd4 32. Qb2 Qxb3 33. Qxb3+ Nxb3
34. Rb1 a4 35. Nc3 Ra8 36. Nb5 c4 37. Na3 Rc8 38. Rb2 c3 39. Rc2 Rc5 40. h3 b5
41. Nb1 b4 42. Kh2 Nd4 43. Rc1 c2 44. Nd2 b3 45. Ne4 b2 46. Nxc5 bxc1=Q 47. Nd3
Qd2 48. Ne5 c1=Q 49. Ng4 Qde1 50. Nf6+ gxf6 51. f3 Qf4+ 0-1

[Event "TURNIEJ O PUCHAR UKS PALAC MLODZIEZY KATOWICE Z OKAZJI DNIA NIEPODLEGLOSCI"]
[Site "Centrum Kongresow i Rekreacji Orle Gniazdo ul. Wrzosowa 28a, Szczyrk"]
[Date "1899-12-30"]
[Round "4.27"]
[White "Kalkowski, Igor"]
[Black "Karwat, Szymon"]
[Result "0-1"]
[WhiteTitle "II"]
[BlackTitle "II"]
[WhiteElo "1284"]
[BlackElo "1603"]

1. d4 d5 2. Nc3 e6 3. e4 Bb4 4. e5 Ne7 5. Bd2 c5 6. Nb5 Bxd2+ 7. Qxd2 O-O 8. f4
cxd4 9. Nd6 Nbc6 10. Nf3 Qb6 11. Rb1 Ng6 12. Bd3 Bd7 13. O-O Nce7 14. Kh1 Nc8
15. Nxc8 Raxc8 16. Bxg6 hxg6 17. Qxd4 Rxc2 18. Qxb6 axb6 19. Rfc1 Rfc8 20. Rxc2
Rxc2 21. h3 Bc6 22. a3 Rc4 23. Kh2 Rxf4 24. Rc1 Re4 25. b4 Kf8 26. Kg3 Ke7 27.
b5 Bxb5 28. Rc7+ Bd7 29. Rxb7 b5 30. Kf2 Ra4 31. Ng5 f6 32. exf6+ gxf6 33. Nh7
Rxa3 34. Nxf6 Kxf6 35. Rxd7 Rc3 36. Rb7 Rc5 37. Ke3 Ke5 38. Rb6 g5 39. Rb7 d4+
40. Kf2 Ke4 41. Re7 Re5 42. Ra7 d3 43. Ra2 Rc5 44. Ke1 Rc2 45. Ra1 Ke3 46. Kd1
Rxg2 47. Ra6 Rg1# 0-1